Bioinorganic Chemistry of Copper

Enregistré dans:
Détails bibliographiques
Autres auteurs: Karlin, Kenneth D. (Éditeur intellectuel), Tyeklár, Zoltán (Éditeur intellectuel)
Format: Livre
Langue:anglais
Publié: Printforce Springer Science+Business Media,B.V. 1993
Accès en ligne:Voir à l'OPAC
Tags: Ajouter un tag
Pas de tags, Soyez le premier à ajouter un tag!

MARC

LEADER 00000nam a2200000 a 4500
005 20260127134233.0
008 180226 1993 a 000 0 eng d
020 |a 9789401168779 
035 |a vtls011743456 
039 9 |a 201802261146  |b mschk03  |y 201802261144  |z mschk03 
040 |a STUSCHK1  |b slo  |c STUSCHK1  |e AACR2 
245 1 |a Bioinorganic Chemistry of Copper  |c edited by Kenneth D. Karlin, Zoltán Tyeklár 
260 |a Printforce  |b Springer Science+Business Media,B.V.  |c 1993 
300 |a xvi, 506 s.  |b il.  |c 23 cm 
500 |a Obsahuje index 
700 1 |a Karlin, Kenneth D.  |4 edt 
700 1 |a Tyeklár, Zoltán  |4 edt 
910 |a SCHK95 
919 |a 978-94-011-6877-9 
999 |c 7469  |d 7469